| 000 | 00825nam a2200181Ia 4500 | ||
|---|---|---|---|
| 999 |
_c36733 _d36733 |
||
| 001 | 2668 | ||
| 003 | GE_BSU | ||
| 005 | 20230824125033.0 | ||
| 008 | 181216s2011||||ge |||||||||||||| ||geo|| | ||
| 040 | _cGE_BSU | ||
| 041 | _ageo | ||
| 080 | _a339.1(4) ე–35 | ||
| 245 | _aევროპის სამეზობლო პოლიტიკის სამოქმედო გეგმის განხორციელება საქართველოში ვაჭრობასა და მასთან დაკავშირებულ ზოგიერთ სფეროში 2010 წ. | ||
| 264 |
_aთბილისი, _c2011. |
||
| 300 |
_a94 გვ.; _b29 სმ. |
||
| 653 | _aარასამთავრობო ორგანიზაციები | ||
| 942 |
_cBK _2udc |
||